000 00344nam a2200145Ia 4500
003 OSt
005 20231221092742.0
008 170524s9999 xx 000 0 und d
020 _a0070648115
040 _cIIMT UNIVERSITY
100 _aTaub
245 0 _aTaub's Principles of Communication Systems
260 _bTMH New Delhi
942 _2ddc
_c02
999 _c4915
_d4915